ბათუმის შოთა რუსთაველის სახელმწიფო უნივერსიტეტის ბიბლიოთეკა

Античная литература. Греция : (ბიბ.ჩანაწერი № 61105)

000 -LEADER
fixed length control field 00838nam a22001937a 4500
005 - DATE AND TIME OF LATEST TRANSACTION
control field 20231219165344.0
008 - FIXED-LENGTH DATA ELEMENTS--GENERAL INFORMATION
fixed length control field 231219s1989 ru ||||| |||| 00| 0 rus d
020 ## - INTERNATIONAL STANDARD BOOK NUMBER
International Standard Book Number 5060002519
080 ## - UNIVERSAL DECIMAL CLASSIFICATION NUMBER
Universal Decimal Classification number 821.14'01-21 A-72
245 ## - TITLE STATEMENT
Title Античная литература. Греция :
Remainder of title Aнтология Часть II /
Statement of responsibility, etc. Составители: Н.А. Федоров, В.И. Мирошенкова.
264 ## - PRODUCTION, PUBLICATION, DISTRIBUTION, MANUFACTURE, AND COPYRIGHT NOTICE
Place of production, publication, distribution, manufacture М.:
Name of producer, publisher, distributor, manufacturer Высшая школа,
Date of production, publication, distribution, manufacture, or copyright notice 1989 .
300 ## - PHYSICAL DESCRIPTION
Extent 384 c.;
Other physical details 21 cm.
653 ## - INDEX TERM--UNCONTROLLED
keyword ანთოლოგია
653 ## - INDEX TERM--UNCONTROLLED
keyword უძველესი ლიტერატურა
653 ## - INDEX TERM--UNCONTROLLED
keyword საბერძნეთი
700 ## - ADDED ENTRY--PERSONAL NAME
Personal name Федоров, Н.А.
Relator term შემდგენელი
9 (RLIN) 20793
700 ## - ADDED ENTRY--PERSONAL NAME
Personal name Мирошенкова, В.И.
Relator term შემდგენელი
9 (RLIN) 20794
942 ## - ADDED ENTRY ELEMENTS (KOHA)
Source of classification or shelving scheme
Koha item type წიგნი
ეგზემპლარები
Withdrawn status Lost status Source of classification or shelving scheme Damaged status Not for loan Permanent Location Current Location Shelving location Date acquired Cost, normal purchase price Full call number Barcode Date last seen Copy number Uniform Resource Identifier Price effective from Koha item type Public note
          ბათუმის შოთა რუსთაველის სახელმწიფო უნივერსიტეტის მთავარი ბიბლიოთეკა ბათუმის შოთა რუსთაველის სახელმწიფო უნივერსიტეტის მთავარი ბიბლიოთეკა წიგნსაცავი 2023-12-19 6.00 821.14'01-21 A-72 65617 2023-12-19 65617 ბსუ-ს საპატიო დოქტორის გურამ ლორთქიფანიძის საჩუქარი 2023-12-19 წიგნი 6 ლ.